Statistiques concernant Culture Générale - Série 1501

Cliquez ici pour prendre le quiz!

Statistiques générales

  • Ce quiz a été pris 51 fois
  • Le résultat moyen est 6 sur 10

Statistiques - réponses

QuestionRéponse% Correct
En 1896, quel chimiste suédois a fondé par testament des prix annuels, distribués depuis 1901 et qui portent son nom ?Alfred Nobel
96%
Dans la mythologie grecque, combien Vénus compte-t-elle de compagnes appelées Grâces ?3
85%
La chouette hulule, le dindon glougloute, et le crapaud...coasse
77%
Pour désigner de manière péjorative des employés de bureau, on utilise le terme "ronds-de...cuir
74%
Complétez ce proverbe : "Autres temps, ...autres moeurs
72%
Quelle actrice américaine, héroïne du film "Ghost", Ashton Kutcher a-t-il épousée en 2005 ?Demi Moore
49%
Quel auteur américain d'origine russe, prénommé Vladimir, a écrit le roman à scandale "Lolita" ?Vladimir Nabokov
45%
Un cachot souterrain est aussi appelé un "cul-de-...basse-fosse
32%
Sous quel nom est plus connu Hans-Rolf Rippert, chanteur allemand d'origine russe qui interpréta "Ah! si j'étais riche" ?Yvan Rebroff
26%
Quel est le prénom de Monsieur Gallé, célèbre verrier et céramiste ?Emile
21%

Distribution des résultats

Percentile par nombre de réponses

% des personnes avec chaque résultat

Votre développement - résultats

Vous n’avez pas pris ce quiz